00264nam a2200109 45000820010000002450066000102500018000762600021000943000010001159420012001259990017001370 a371.311aTeacher's guide for the sight word story books and the primer aTrial Edition aKhartoumcc.2001 a31 p. 2ddccBK c64502d64476